|
|
|
|
| LEADER |
00000cam a2200000 7i4500 |
| 001 |
0000002459 |
| 005 |
20030623.0 |
| 020 |
0 |
0 |
|a 9679311317
|
| 090 |
0 |
0 |
|a 028.90222
|b MEM 2002
|
| 245 |
0 |
0 |
|a MEMBACA dan perpustakaan :
|b koleksi cereka kartun
|
| 260 |
0 |
0 |
|a Kuala Lumpur :
|b Perpustakaan Negara Malaysia ,
|c 2002
|
| 300 |
|
|
|a 41 p. :
|b ill. ;
|c 19x26 cm.
|
| 650 |
0 |
0 |
|a Books and reading
|x Caricatures and cartoons
|
| 650 |
0 |
0 |
|a Literacy programs
|x Caricatures and cartoons
|
| 650 |
0 |
0 |
|a Reading interests
|x Caricatures and cartoons
|
| 998 |
|
|
|a JPSM
|
| 999 |
|
|
|a 0000004518
|b Monograph
|c Open Shelf
|e Default branch
|